000 00790nam a22002177a 4500
005 20100730154251.0
010 _aENG-97177
020 _a9780415585668
_c695.00
035 _aEN-80710
037 _bDBAD/PUB
082 _a291
245 _aReligion, community and development:
_bchanging contours of politics and policy in India /
_cedited by Gurpreet Mahajan [and] Surinder S. Jodhka
260 _aNew Delhi
_bRoutledge
_c2010
270 _a15-17 Tolstoy Marg
_bNew Delhi
_e110001
300 _axii, 336p.
_c22cm (Hb)
500 _aIncludes index
700 _aMahajan, Gurpreet
_92787
700 _aJodhka, Surinder S.
_92788
942 _2ddc
_cEN
_h291
_mREL
999 _c38311
_d38311